​prison for life - Olivia Rodrigo - All Lyrics - Statistics

General Stats
  • This quiz has been taken 157 times
  • The average score is 276 of 368
Answer Stats
Answer % Correct
I
99%
a
98%
I'm
95%
ah
94%
Mm,
94%
mm,
94%
mm
94%
oh
94%
Yeah,
94%
but
92%
But
92%
me,
92%
me
92%
me)
92%
prison
92%
for
91%
life"
91%
really
89%
to
89%
would
89%
goin'
87%
feminist
86%
you,
85%
you
85%
You
85%
he
84%
him
84%
mind
84%
If
83%
“If
83%
if
83%
"If
83%
obviously
83%
wouldn't
83%
like
80%
savin'
80%
(Savin'
80%
his
79%
man
79%
man)
79%
And
78%
and
78%
Just
78%
just
78%
that
78%
without
78%
(Without
78%
told
77%
anybody
76%
bein'
76%
can
76%
know
76%
protect
76%
protection
76%
protection)
76%
think
76%
Think
76%
hurts
75%
in
75%
what
75%
can't
74%
change
72%
fine
72%
honest,
72%
one
72%
it,
71%
it
71%
night
71%
(Night)
71%
I’ll
66%
no
66%
so
66%
do
64%
never
63%
forget
62%
my
62%
I'd
61%
(I'd
61%
the
61%
boy
60%
He’s
60%
he's
60%
he’s
60%
is,
59%
is
59%
not
59%
got
57%
too
57%
as
56%
girl”
55%
it's
55%
love
54%
much
54%
when
54%
let
52%
truck
52%
your
52%
Chevy
51%
myself
51%
good
49%
well
49%
hell
48%
hot
47%
money,
47%
someone
47%
babe
46%
"Baby
46%
calls
46%
about
45%
anything
45%
bad
45%
jail
45%
parents
45%
tell
45%
comes
44%
distress,
44%
don't
44%
of
44%
damsel
43%
rest
43%
sweet
43%
day,
41%
hands
41%
heart,
41%
you'll
41%
letters
40%
marry
40%
run
40%
save
40%
through
40%
fantasize
39%
guys
39%
kind
39%
(Kind
39%
robbers
39%
send
39%
arm
38%
assured
38%
curls
38%
around
37%
assertiveness,
37%
even
37%
keep
36%
safe
36%
there
36%
were
36%
fun
34%
fun)
34%
need
34%
wrap
33%
pretending
31%
knows
26%
God
24%
No matching quizzes found
Score Distribution
Percent of People with Each Score
Percentile by Number Answered
Your Score History
You have not taken this quiz